| 000 | 00760nam a2200241 i 4500 | ||
|---|---|---|---|
| 001 | 135336 | ||
| 003 | ES-MaACL | ||
| 005 | 20260525062933.0 | ||
| 007 | t| | ||
| 008 | 070716s1959 sp |||| | spa d | ||
| 080 | _a821.134.2-1(082.2) | ||
| 245 | 0 | 4 |
_aLos toros en la poesía _b: (antología) / _cJosé María de Cossío. |
| 250 | _a3ª ed. | ||
| 260 |
_a[Madrid] : _bEspasa-Calpe, _c1959. |
||
| 300 |
_a163 p. ; _c18 cm. |
||
| 490 | 1 |
_aColección austral ; _v490 |
|
| 650 | 4 |
_aCorridas de toros- _xEn la literatura. _9152674 |
|
| 650 | 4 |
_aCorridas de toros- _vPoesías. _9163085 |
|
| 700 | 1 |
_aCossío, José María de, _d1893-1977 _941017 |
|
| 830 | 0 |
_aColección austral _v490 _9177655 |
|
| 852 |
_aES-MaACL _jC-27702 |
||
| 999 |
_c135336 _d135336 |
||